[Event "10th American Continental"]
[Site "Montevideo URU"]
[Date "2015.05.22"]
[Round "9.11"]
[White "Kaidanov, Gregory S"]
[Black "Acosta, Pablo Ismael"]
[Result "1-0"]
[WhiteTitle "GM"]
[BlackTitle "IM"]
[WhiteElo "2566"]
[BlackElo "2320"]
[WhiteFideId "2008564"]
[BlackFideId "124311"]
[EventDate "2015.05.15"]
[EventType "swiss"]

1. d4 d5 2. c4 e6 3. Nc3 Nf6 4. Nf3 a6 5. cxd5 exd5 6. Bg5 c6 7. Qc2 Be7 8. e3
a5 9. Bd3 Na6 10. a3 Nc7 11. O-O Ne6 12. Bh4 g6 13. Ne5 O-O 14. Rad1 Ng7 15. Na4
Nf5 16. Bg5 h6 17. Bf4 Nh5 18. Bg3 Nhxg3 19. hxg3 h5 20. Nc5 Bd6 21. Qc3 Re8 22.
Bxf5 gxf5 23. Nf3 a4 24. Qc2 Qa5 25. Nd3 f6 26. Nh4 Kf7 27. Qe2 Rh8 28. Qf3 f4
29. gxf4 Bg4 30. Qg3 Rhg8 31. f3 Bd7 32. Qe1 Qb6 33. Kh1 Rae8 34. Qd2 Qb3 35.
Rde1 b6 36. Nc1 Qc4 37. Ne2 Rg7 38. Rc1 Qb3 39. Qc3 Qb5 40. Qc2 c5 41. Nf5 Bxf5
42. Qxf5 Reg8 43. Qxd5+ Ke7 44. g3 Qxb2 45. Qe4+ Kf8 46. Rc2 Qb3 47. dxc5 bxc5
48. Rd2 Re7 49. Qd3 Bc7 50. Rb1 Qxd3 51. Rxd3 Kf7 52. e4 Rd8 53. Rxd8 Bxd8 54.
Nc3 Rd7 55. Nd5 Be7 56. Rb6 Bd6 57. Ra6 c4 58. Rxa4 Rb7 59. Rxc4 Bxa3 60. Rc6
Bb2 61. f5 Rb3 62. Rb6 1-0

[Event "10th American Continental"]
[Site "Montevideo URU"]
[Date "2015.05.22"]
[Round "9.12"]
[White "Pichot, Alan"]
[Black "Hevia Alejano, Carlos Antonio"]
[Result "1/2-1/2"]
[WhiteTitle "IM"]
[BlackTitle "IM"]
[WhiteElo "2504"]
[BlackElo "2535"]
[WhiteFideId "110973"]
[BlackFideId "3508811"]
[EventDate "2015.05.15"]
[EventType "swiss"]

1. e4 c5 2. Nf3 e6 3. d4 cxd4 4. Nxd4 Nc6 5. Nc3 d6 6. Be3 Bd7 7. Qd2 a6 8.
O-O-O Nf6 9. f3 h5 10. Qf2 b5 11. Nxc6 Bxc6 12. Bf4 b4 13. Ne2 Qc7 14. Kb1 e5
15. Bg5 Be7 16. Qh4 Ba4 17. Rd2 Rc8 18. b3 Bd7 19. Ng3 a5 20. Ba6 Rb8 21. Rhd1
a4 22. Bc4 Be6 23. Nf5 Bxf5 24. exf5 d5 25. Bxd5 O-O 26. Bc4 a3 27. Bxf6 Bxf6
28. Qxh5 e4 29. Rd7 Qe5 30. Bxf7+ Rxf7 31. Qxf7+ Kh8 32. Qh5+ Kg8 33. Qf7+ Kh8
34. Qh5+ Kg8 1/2-1/2

[Event "10th American Continental"]
[Site "Montevideo URU"]
[Date "2015.05.22"]
[Round "9.13"]
[White "Terry, Renato"]
[Black "Perez Ponsa, Federico"]
[Result "1/2-1/2"]
[WhiteTitle "FM"]
[BlackTitle "GM"]
[WhiteElo "2464"]
[BlackElo "2533"]
[WhiteFideId "3803457"]
[BlackFideId "117927"]
[EventDate "2015.05.15"]
[EventType "swiss"]

1. d4 Nf6 2. Bg5 e6 3. e4 h6 4. Bxf6 Qxf6 5. c3 d6 6. Bd3 g6 7. Ne2 Bg7 8. O-O
Qe7 9. f4 e5 10. f5 O-O 11. Nd2 Nd7 12. Bc4 Kh8 13. d5 Nf6 14. Qe1 gxf5 15. exf5
c6 16. Qh4 cxd5 17. Bxd5 Nxd5 18. Qxe7 Nxe7 19. f6 Be6 20. Ne4 Bxf6 21. Rxf6 Ng8
22. Rf2 Rad8 23. Rd1 d5 24. Nc5 Bc8 25. Nd3 f6 26. Ng3 d4 27. Rc1 Ne7 28. cxd4
Nc6 29. Rcf1 Rxd4 1/2-1/2

[Event "10th American Continental"]
[Site "Montevideo URU"]
[Date "2015.05.22"]
[Round "9.14"]
[White "Lujan, Carolina"]
[Black "El Debs, Felipe de Cresce"]
[Result "1-0"]
[WhiteTitle "IM"]
[BlackTitle "GM"]
[WhiteElo "2353"]
[BlackElo "2527"]
[WhiteFideId "109878"]
[BlackFideId "2106981"]
[EventDate "2015.05.15"]
[EventType "swiss"]

1. e4 c5 2. Nf3 Nc6 3. Nc3 g6 4. d4 cxd4 5. Nxd4 Bg7 6. Nde2 d6 7. g3 Bg4 8. Bg2
Bxc3+ 9. bxc3 Qa5 10. f3 Be6 11. Be3 Nf6 12. O-O O-O 13. Qd2 Bc4 14. Rfe1 d5 15.
e5 Nxe5 16. Bd4 Ned7 17. f4 Rfe8 18. Nc1 Rad8 19. Nd3 Qc7 20. Ne5 b6 21. h4 Ba6
22. Bf3 Nc5 23. f5 Nce4 24. Qh6 Nxg3 25. fxg6 fxg6 26. Nxg6 Nf5 27. Qg5 hxg6 28.
Qxg6+ Ng7 29. Bxf6 e6 30. Bxd8 Rxd8 31. Rxe6 Rf8 32. Rf6 Qc5+ 33. Kh1 Re8 34.
Rf7 Qxc3 35. Rxg7+ 1-0

[Event "10th American Continental"]
[Site "Montevideo URU"]
[Date "2015.05.22"]
[Round "9.15"]
[White "Iturrizaga Bonelli, Eduardo"]
[Black "Contreras, Henry"]
[Result "1-0"]
[WhiteTitle "GM"]
[BlackTitle "FM"]
[WhiteElo "2613"]
[BlackElo "2193"]
[WhiteFideId "3901211"]
[BlackFideId "4400623"]
[EventDate "2015.05.15"]
[EventType "swiss"]

1. Nf3 Nf6 2. c4 g6 3. Nc3 Bg7 4. e4 d6 5. d4 O-O 6. Be2 e5 7. Be3 Ng4 8. Bg5 f6
9. Bh4 g5 10. Bg3 Nh6 11. dxe5 dxe5 12. Qd5+ Nf7 13. O-O-O Qe7 14. Qa5 c6 15.
Nd2 Na6 16. Nb3 b6 17. Qa4 Bb7 18. h4 h6 19. hxg5 hxg5 20. f3 Rfd8 21. Bf2 Bf8
22. c5 b5 23. Qa5 Qe6 24. Rxd8 Rxd8 25. Nd1 Bc8 26. Kc2 Qd7 27. Ne3 Qc7 28. Ng4
Kg7 29. Qxc7 Nxc7 30. Na5 Bd7 31. b4 Ne6 32. a4 Nf4 33. Bf1 a6 34. Ne3 Nh6 35.
Kc3 Be8 36. g3 Ne6 37. Be2 Nd4 38. Bd1 Kg6 39. Nc2 Ne6 40. Be2 g4 41. Be3 Ng5
42. Bxg5 Kxg5 43. fxg4 Nxg4 44. Rh8 Nf2 45. Rxf8 Nxe4+ 46. Kb2 Nxg3 47. Nxc6
Bxc6 48. Rxd8 Nxe2 49. Rd6 Be4 50. c6 f5 51. c7 Bb7 52. Rb6 Bc8 53. Rb8 Be6 54.
Re8 Bd7 55. Re7 Bc8 56. Rxe5 1-0

[Event "10th American Continental"]
[Site "Montevideo URU"]
[Date "2015.05.22"]
[Round "9.16"]
[White "Escalante Ramirez, Brian Sebasti"]
[Black "Alonso, Salvador"]
[Result "0-1"]
[BlackTitle "GM"]
[WhiteElo "2373"]
[BlackElo "2488"]
[WhiteFideId "3819566"]
[BlackFideId "105198"]
[EventDate "2015.05.15"]
[EventType "swiss"]

1. e4 c5 2. Nf3 e6 3. Qe2 Nc6 4. g3 g6 5. Bg2 Bg7 6. c3 e5 7. Na3 Nge7 8. Nc4 d5
9. exd5 Qxd5 10. O-O Bg4 11. h3 Bxf3 12. Bxf3 Qd7 13. Bg2 Rd8 14. a4 O-O 15. a5
f5 16. b3 Qc7 17. Ba3 b6 18. axb6 axb6 19. Nxb6 Qxb6 20. Qc4+ Rf7 21. Bxc5 Qb8
22. d4 e4 23. Ra6 Qc8 24. Rfa1 Qd7 25. Bf1 Bf8 26. Qa4 f4 27. Bc4 fxg3 28. Bxf7+
Kxf7 29. Qc4+ Kg7 30. Qf1 Nd5 31. fxg3 Bxc5 32. dxc5 Rf8 33. Qg2 Nxc3 34. Rf1
Rxf1+ 35. Qxf1 Qd4+ 36. Kh1 Qd5 37. Ra8 e3+ 38. Kg1 Qxc5 39. Re8 e2+ 40. Qf2
Qxf2+ 41. Kxf2 Nb4 42. Re3 Nd1+ 43. Kxe2 Nxe3 44. Kxe3 Kf6 45. Kd4 Kf5 46. Kc4
Na2 0-1

[Event "10th American Continental"]
[Site "Montevideo URU"]
[Date "2015.05.22"]
[Round "9.17"]
[White "Rodriguez Vila, Andres"]
[Black "Barros Rivadeneira, Cristhian"]
[Result "1-0"]
[WhiteTitle "GM"]
[BlackTitle "IM"]
[WhiteElo "2485"]
[BlackElo "2335"]
[WhiteFideId "3000010"]
[BlackFideId "3609677"]
[EventDate "2015.05.15"]
[EventType "swiss"]

1. e4 e5 2. Nf3 Nf6 3. Nc3 Nc6 4. h3 Bb4 5. Bd3 a6 6. O-O d6 7. Re1 O-O 8. Bf1
Ne7 9. d3 Ng6 10. Bg5 c6 11. g3 Re8 12. Bg2 h6 13. Bd2 Ba5 14. Rb1 Bc7 15. b4 d5
16. a4 d4 17. Ne2 a5 18. b5 cxb5 19. axb5 Bb6 20. c3 dxc3 21. Be3 Bxe3 22. fxe3
Nd7 23. Nxc3 b6 24. Kh2 Bb7 25. d4 h5 26. d5 h4 27. g4 Nc5 28. Rf1 Rc8 29. Qe2
Qe7 30. Rbd1 Red8 31. Bh1 Nd7 32. Rd3 Qb4 33. Rb1 Qa3 34. Nd1 Qe7 35. Nf2 Rc5
36. Rd2 Rdc8 37. Rf1 Rc3 38. Nd1 Rc1 39. Ra2 R1c5 40. Nd2 Nf6 1-0

[Event "10th American Continental"]
[Site "Montevideo URU"]
[Date "2015.05.22"]
[Round "9.18"]
[White "Aranha Filho, Alvaro Z."]
[Black "Henriquez Villagra, Cristobal"]
[Result "1/2-1/2"]
[WhiteTitle "FM"]
[BlackTitle "IM"]
[WhiteElo "2270"]
[BlackElo "2478"]
[WhiteFideId "2103931"]
[BlackFideId "3409350"]
[EventDate "2015.05.15"]
[EventType "swiss"]

1. d4 Nf6 2. c4 e6 3. Nf3 c5 4. d5 d6 5. Nc3 exd5 6. cxd5 g6 7. g3 Bg7 8. Bg2
O-O 9. O-O Re8 10. Bf4 Na6 11. Re1 Nc7 12. a4 Ne4 13. Nxe4 Rxe4 14. Nd2 Rb4 15.
b3 b5 16. Ra2 g5 17. Be3 Bf5 18. Nf3 bxa4 19. Rxa4 Rxa4 20. bxa4 h6 21. h4 g4
22. Nd2 Rb8 23. Bf4 Rb4 24. e4 Bd7 25. e5 dxe5 26. Bxe5 Bxe5 27. Rxe5 Bxa4 28.
Qc1 Qd6 29. Qc3 Rd4 30. Re4 Qb6 31. Rxd4 cxd4 32. Qa3 Bb5 33. Qe7 Ne8 34. Qe4
Bd7 35. Nc4 Qf6 36. Ne5 Bf5 37. Qxd4 a5 38. Qf4 Bc8 39. Qe3 Nd6 40. Nc6 Bd7 41.
Qa3 Bf5 42. Qxa5 Be4 43. Qd8+ Qxd8 44. Nxd8 Bxg2 45. Kxg2 Kg7 46. f3 f5 47. Kf2
Kf6 48. Nc6 Nc4 49. f4 Nd6 50. Nd4 Ne4+ 51. Kg2 Nd6 52. Kf2 Ne4+ 53. Kg2 Nd6 54.
Kf2 Ne4+ 1/2-1/2

[Event "10th American Continental"]
[Site "Montevideo URU"]
[Date "2015.05.22"]
[Round "9.19"]
[White "Sanhueza, Cristian"]
[Black "Cori T., Deysi"]
[Result "0-1"]
[BlackTitle "WGM"]
[WhiteElo "2195"]
[BlackElo "2431"]
[WhiteFideId "116815"]
[BlackFideId "3801934"]
[EventDate "2015.05.15"]
[EventType "swiss"]

1. e4 c5 2. Nf3 e6 3. d4 cxd4 4. Nxd4 Nc6 5. Be2 Nf6 6. Nc3 Bb4 7. O-O O-O 8.
Bg5 h6 9. Bh4 g5 10. Bg3 Bxc3 11. bxc3 Nxe4 12. Bd3 Nxg3 13. hxg3 f5 14. g4 d5
15. gxf5 e5 16. Nxc6 bxc6 17. g4 e4 18. Be2 h5 19. f3 Qd6 20. Kg2 exf3+ 21. Bxf3
Bd7 22. Qd2 Qf6 23. Rae1 Rae8 24. Rxe8 Rxe8 25. Qd4 Qxd4 26. cxd4 hxg4 27. Bxg4
Re4 28. Kg3 Rxd4 29. Rb1 Rf4 30. Rb8+ Kf7 31. Rb7 Ke8 32. Rb8+ Ke7 33. f6+ Kd6
34. Bxd7 Kxd7 35. Rb7+ Kd6 36. f7 a5 37. Ra7 a4 38. Rxa4 Rxf7 39. Kg4 Rf2 40. c4
d4 41. Ra5 d3 42. Ra3 Rf4+ 0-1

[Event "10th American Continental"]
[Site "Montevideo URU"]
[Date "2015.05.22"]
[Round "9.20"]
[White "Starke, Bruno Orlando"]
[Black "Santiago, Yago De Moura"]
[Result "1/2-1/2"]
[BlackTitle "IM"]
[WhiteElo "2133"]
[BlackElo "2400"]
[WhiteFideId "2128713"]
[BlackFideId "2103877"]
[EventDate "2015.05.15"]
[EventType "swiss"]

1. d4 g6 2. c4 Bg7 3. Nc3 f5 4. g3 Nf6 5. Bg2 d6 6. Nh3 c6 7. O-O O-O 8. d5 e5
9. dxe6 Bxe6 10. Qb3 Nbd7 11. Ng5 Nc5 12. Qc2 Bxc4 13. Na4 Bd5 14. Bxd5+ cxd5
15. Nxc5 Qc8 16. Nge6 Re8 17. Nxg7 Kxg7 18. b4 b6 19. Be3 bxc5 20. bxc5 dxc5 21.
Bxc5 Re4 22. Rac1 Qe6 23. e3 f4 24. exf4 Re8 25. Qc3 Kg8 26. Bd4 Nh5 27. f3 Re2
28. Bf2 Rxa2 29. Rfe1 Re2 30. Rxe2 Qxe2 31. Re1 Qb5 32. Rxe8+ Qxe8 33. Qd4 Qc6
34. Qxa7 Ng7 35. Qc5 Qd7 36. Qa7 Qc8 37. Qc5 Qf5 38. Qd4 Qd7 39. Qa7 Qc8 40. Qc5
Qf5 41. Qd4 Qd7 42. Qe5 Ne6 43. Bd4 Nxd4 44. Qxd4 Qe6 45. Qe5 Qb6+ 46. Kg2 d4
47. f5 gxf5 48. Qxf5 Qb2+ 49. Kh3 Qc3 50. Qd5+ Kf8 51. Qd8+ Kf7 52. Qd7+ Kf8 53.
Qd8+ Kf7 54. Qd7+ Kf8 55. Qd8+ Kf7 56. Qd7+ Kf8 1/2-1/2

[Event "10th American Continental"]
[Site "Montevideo URU"]
[Date "2015.05.22"]
[Round "9.21"]
[White "Barbosa, Evandro Amorim"]
[Black "Pardo, Alejandro"]
[Result "1-0"]
[WhiteTitle "IM"]
[WhiteElo "2438"]
[BlackElo "2247"]
[WhiteFideId "2115824"]
[BlackFideId "4402880"]
[EventDate "2015.05.15"]
[EventType "swiss"]

1. e4 e6 2. d4 d5 3. Nc3 dxe4 4. Nxe4 Nd7 5. Nf3 Be7 6. Bd3 Ngf6 7. Nxf6+ Bxf6
8. Qe2 c5 9. Be3 cxd4 10. Nxd4 Qa5+ 11. c3 O-O 12. O-O a6 13. Rad1 Qc7 14. Nf3
Rd8 15. Be4 Re8 16. Nd2 Rb8 17. Qc4 Be5 18. Qxc7 Bxc7 19. Nc4 Nf6 20. Bf3 Nd5
21. Ba7 Ra8 22. Bd4 Bd7 23. Ne5 Bxe5 24. Bxe5 Bc6 25. Rd2 Ne7 26. Be2 f6 27. Bd4
Red8 28. Rfd1 Rd7 29. Bc5 Rxd2 30. Rxd2 Kf7 31. c4 Rc8 32. b4 Ng6 33. f3 Ne5 34.
f4 Nd7 35. Be3 f5 36. Bd1 Nf6 37. a4 Ne4 38. Rd3 Be8 39. Bb3 Ke7 40. Bb6 Rc6 41.
Bd8+ Kf7 42. c5 Rc8 43. g4 g6 44. g5 Bc6 45. Kf1 Ke8 46. Bb6 Ke7 47. Ke2 h5 48.
gxh6 Nf6 49. Rd6 Bd7 50. Rd3 Rh8 51. Rh3 Nh5 52. Bc7 Rxh6 53. Kf2 Rh8 54. Be5
Rc8 55. Rd3 Rd8 56. Rd6 Rc8 57. Rb6 Bc6 58. b5 axb5 59. axb5 Bd7 60. Bd6+ Ke8
61. Rxb7 Nf6 62. Bc2 Ra8 63. c6 Ra2 64. cxd7+ Kd8 65. Bc7+ Kxd7 66. Be5+ Kc8 67.
Rc7+ Kd8 68. b6 1-0

[Event "10th American Continental"]
[Site "Montevideo URU"]
[Date "2015.05.22"]
[Round "9.22"]
[White "Martinez Romero, Martin"]
[Black "Caetano, Hugo Zanotti Mendonca"]
[Result "1-0"]
[WhiteTitle "IM"]
[WhiteElo "2404"]
[BlackElo "2199"]
[WhiteFideId "4404025"]
[BlackFideId "2119420"]
[EventDate "2015.05.15"]
[EventType "swiss"]

1. e4 c5 2. Nf3 d6 3. d4 cxd4 4. Nxd4 Nf6 5. Nc3 g6 6. Be3 Bg7 7. f3 O-O 8. Qd2
Nc6 9. Bc4 Bd7 10. O-O-O Rc8 11. Bb3 Ne5 12. Kb1 Nc4 13. Bxc4 Rxc4 14. g4 Qc7
15. h4 h5 16. gxh5 Nxh5 17. Nd5 Qd8 18. b3 Rc8 19. Bg5 f6 20. Bh6 e6 21. Bxg7
Kxg7 22. Ne3 e5 23. Ne2 Rc6 24. Rhg1 Kh7 25. Rg2 Bh3 26. Rf2 Qb6 27. f4 Rfc8 28.
Rf3 Bg4 29. Nxg4 Rxc2 30. Qxc2 Rxc2 31. Kxc2 Qc6+ 32. Nc3 f5 33. fxe5 fxg4 34.
exd6 Qd7 35. Rf7+ Qxf7 36. d7 Qf2+ 37. Rd2 g3 38. d8=Q g2 39. Rxf2 1-0

[Event "10th American Continental"]
[Site "Montevideo URU"]
[Date "2015.05.22"]
[Round "9.23"]
[White "Paveto, Kevin"]
[Black "Sanchez Sandoval, Gonzalo"]
[Result "1-0"]
[WhiteTitle "FM"]
[WhiteElo "2400"]
[BlackElo "2187"]
[WhiteFideId "173444"]
[BlackFideId "3414167"]
[EventDate "2015.05.15"]
[EventType "swiss"]

1. e4 c5 2. Nf3 d6 3. d4 cxd4 4. Nxd4 Nf6 5. Nc3 Nc6 6. Bg5 e6 7. Qd2 Be7 8. f4
O-O 9. O-O-O Nxd4 10. Qxd4 Qa5 11. Bc4 Bd7 12. e5 dxe5 13. fxe5 Bc6 14. Bd2 Nd7
15. Nd5 Qc5 16. Nxe7+ Qxe7 17. h4 Qc5 18. Qxc5 Nxc5 19. h5 b5 20. Be2 Rac8 21.
Bb4 Be4 22. Rd4 Bxg2 23. Rg1 Bd5 24. Bxb5 Bxa2 25. Kd2 Bd5 26. h6 g6 27. Ra1 f6
28. exf6 Rxf6 29. Bxc5 Rxc5 30. c4 Rf2+ 31. Kc3 Rc7 32. b3 Rf8 33. Ra6 Rb8 34.
Kb2 Kf7 35. Rf4+ Kg8 36. Rd4 Rcb7 37. Ba4 Rb4 38. Kc3 Bf3 39. Rxe6 R4b7 40. Rf6
Be2 41. Rd7 g5 42. Rxb7 Rxb7 43. Bc6 Rb8 44. Bd5+ Kh8 45. c5 g4 46. c6 g3 47. c7
Re8 1-0

[Event "10th American Continental"]
[Site "Montevideo URU"]
[Date "2015.05.22"]
[Round "9.24"]
[White "Arcos Facio, Mateo"]
[Black "Pierrot, Facundo"]
[Result "0-1"]
[WhiteTitle "FM"]
[BlackTitle "IM"]
[WhiteElo "2184"]
[BlackElo "2377"]
[WhiteFideId "3001199"]
[BlackFideId "103250"]
[EventDate "2015.05.15"]
[EventType "swiss"]

1. e4 d5 2. exd5 Nf6 3. Bb5+ Nbd7 4. d4 Nxd5 5. Nf3 g6 6. O-O Bg7 7. Bd2 O-O 8.
Re1 N7f6 9. Bd3 Bg4 10. h3 Bxf3 11. Qxf3 c6 12. c4 Nc7 13. Bc3 Ne6 14. Qe3 Nh5
15. d5 cxd5 16. cxd5 Qxd5 17. Bxg7 Nhxg7 18. Nc3 Qa5 19. Be4 Rfd8 20. b4 Qe5 21.
Bxb7 Qxe3 22. Rxe3 Rab8 23. Be4 Rxb4 24. Nd5 Rxe4 25. Nxe7+ Kf8 26. Nxg6+ hxg6
27. Rxe4 Nc5 28. Re2 Nge6 29. Rc1 Kg7 30. g3 a6 31. Kg2 Rd4 32. Rc3 Ra4 33. Rce3
Rc4 34. Ra3 Nd4 35. Rd2 Nc2 36. Ra5 Ne1+ 37. Kf1 Nf3 38. Rd5 Ne4 39. Kg2 Ned2
40. Rdc5 Re4 41. Rc3 Ne1+ 42. Kg1 Rb4 43. Rc1 Nd3 44. Rd1 Rb2 45. Rxd2 Rxd2 46.
Rxa6 Nxf2 47. Kg2 Nd3+ 48. Kf3 Nb4 49. Ra4 Nxa2 50. Ke3 Rh2 51. h4 Nc3 52. Ra5
Nd1+ 53. Kf3 Rf2+ 54. Ke4 f5+ 55. Ke5 Re2+ 56. Kf4 Re4+ 57. Kf3 Kh6 58. Ra8 Nb2
59. Rh8+ Kg7 60. Rb8 Nc4 61. h5 Ne5+ 62. Kf2 gxh5 63. Rb7+ Kg6 64. Rb6+ Kg5 65.
Rb8 h4 0-1

[Event "10th American Continental"]
[Site "Montevideo URU"]
[Date "2015.05.22"]
[Round "9.25"]
[White "Choma, Ernani Francisco"]
[Black "Carvalho, Herbert Abreu"]
[Result "0-1"]
[WhiteTitle "FM"]
[WhiteElo "2361"]
[BlackElo "2157"]
[WhiteFideId "2106922"]
[BlackFideId "2100541"]
[EventDate "2015.05.15"]
[EventType "swiss"]

1. Nf3 Nf6 2. c4 c6 3. g3 g6 4. b3 Bg7 5. Bb2 d5 6. Qc2 O-O 7. Bg2 Bg4 8. O-O
Bxf3 9. Bxf3 d4 10. b4 e5 11. d3 Re8 12. Nd2 Nbd7 13. c5 Nd5 14. Qb3 N7f6 15.
Nc4 e4 16. Bg2 e3 17. f4 Nc3 18. Bxc3 dxc3 19. Nd6 Re7 20. f5 g5 21. d4 Ne8 22.
Nxe8 Rxe8 23. d5 Qf6 24. dxc6 bxc6 25. b5 Rac8 26. Bxc6 Red8 27. a4 Rd2 28. Ra2
Rcd8 29. Be4 Qd4 30. f6 Qxe4 31. fxg7 Qd5 32. Qxd5 R8xd5 33. Raa1 Rxc5 34. Rfe1
Rf5 35. Ra3 c2 36. Rd3 Rxe2 37. Rc1 Rd2 38. Rxe3 Rd1+ 39. Re1 Rxe1+ 40. Rxe1 Rd5 0-1

[Event "10th American Continental"]
[Site "Montevideo URU"]
[Date "2015.05.22"]
[Round "9.26"]
[White "Markzon, Gregory"]
[Black "Van Riemsdijk, Herman C."]
[Result "0-1"]
[WhiteTitle "FM"]
[BlackTitle "IM"]
[WhiteElo "2156"]
[BlackElo "2352"]
[WhiteFideId "2003694"]
[BlackFideId "2100053"]
[EventDate "2015.05.15"]
[EventType "swiss"]

1. d4 Nf6 2. c4 e6 3. Nc3 Bb4 4. e3 c5 5. Ne2 d6 6. a3 Ba5 7. Ng3 Nc6 8. d5
Bxc3+ 9. bxc3 Na5 10. Bd3 exd5 11. cxd5 c4 12. Bc2 Nd7 13. O-O Nc5 14. e4 Ncb3
15. Rb1 Nxc1 16. Qxc1 O-O 17. f4 Re8 18. Qd1 Qf6 19. e5 dxe5 20. f5 Nb3 21. Ne4
Qh6 22. Rf3 Bd7 23. Qe2 Rac8 24. Kh1 Nc1 25. Qf1 Nd3 26. f6 b6 27. Bxd3 cxd3 28.
Qxd3 Red8 29. Nd6 Rc7 30. Ne4 g6 31. Rbf1 Bf5 32. c4 b5 33. c5 Bxe4 34. Qxe4
Rxc5 35. d6 Qd2 36. h4 Qxd6 37. Qe3 Rc4 38. Rh3 Rf4 0-1

[Event "10th American Continental"]
[Site "Montevideo URU"]
[Date "2015.05.22"]
[Round "9.27"]
[White "Disconzi da Silva, Rodrigo"]
[Black "Guerrero, Alvaro"]
[Result "0-1"]
[WhiteTitle "IM"]
[WhiteElo "2339"]
[BlackElo "2156"]
[WhiteFideId "2100991"]
[BlackFideId "3000478"]
[EventDate "2015.05.15"]
[EventType "swiss"]

1. c4 g6 2. g3 Bg7 3. Bg2 d6 4. Nc3 e5 5. d3 Nf6 6. e4 Nc6 7. Nge2 O-O 8. O-O
Nd7 9. f4 f5 10. exf5 Rxf5 11. g4 Rf8 12. f5 gxf5 13. gxf5 Nc5 14. Ng3 Qh4 15.
Nd5 Rf7 16. Be3 Nd4 17. b4 Na6 18. f6 Bf8 19. Qd2 c6 20. Bg5 Qg4 21. Ne7+ Kh8
22. Ne4 Be6 23. Nxd6 Nxb4 24. Qxb4 Qxg5 25. Qxb7 Ne2+ 26. Kh1 Ng3+ 27. hxg3 Qh6+
28. Kg1 Qe3+ 29. Rf2 Rxf6 30. Rf1 Rd8 31. Ne4 Rf7 32. Qc7 Bxe7 33. Qxe5+ Rf6 34.
Qa1 Rf8 35. Re1 Qb6 36. Qe5 0-1

[Event "10th American Continental"]
[Site "Montevideo URU"]
[Date "2015.05.22"]
[Round "9.28"]
[White "Granara Barreto, Sebastian"]
[Black "Larrea, Manuel"]
[Result "1/2-1/2"]
[WhiteTitle "FM"]
[BlackTitle "FM"]
[WhiteElo "2147"]
[BlackElo "2327"]
[WhiteFideId "3000494"]
[BlackFideId "3000508"]
[EventDate "2015.05.15"]
[EventType "swiss"]

1. e4 c5 2. Nf3 Nc6 3. Bb5 g6 4. O-O Bg7 5. Re1 Nf6 6. e5 Nd5 7. b3 O-O 8. Bb2
Nc7 9. Bxc6 dxc6 10. d3 Bg4 11. Nbd2 Ne6 12. h3 Bxf3 13. Nxf3 Qd5 14. Qe2 Rfd8
15. Qe4 Qxe4 16. Rxe4 a5 17. a4 b5 18. Bc3 Rdb8 19. axb5 cxb5 20. Rxa5 Rxa5 21.
Bxa5 b4 22. d4 Rb5 23. d5 Rxa5 24. dxe6 f6 25. Kf1 fxe5 26. Ke2 Ra6 27. Rc4 e4
28. Ng5 Bd4 29. Nxe4 Rxe6 30. Kd3 Re5 31. f3 h5 32. g4 Rd5 33. Ke2 Kg7 34. f4
hxg4 35. hxg4 Kf7 36. c3 bxc3 37. Nxc3 Rd8 38. Ne4 Rb8 39. Nxc5 Bxc5 40. Rxc5
Rxb3 1/2-1/2

[Event "10th American Continental"]
[Site "Montevideo URU"]
[Date "2015.05.22"]
[Round "9.29"]
[White "Pereira, Silvio Cunha"]
[Black "Saralegui, Mario"]
[Result "1-0"]
[WhiteTitle "FM"]
[WhiteElo "2284"]
[BlackElo "2125"]
[WhiteFideId "2100703"]
[BlackFideId "3000419"]
[EventDate "2015.05.15"]
[EventType "swiss"]

1. e4 e5 2. Nf3 Nc6 3. Bb5 a6 4. Ba4 Nf6 5. O-O Be7 6. Qe2 b5 7. Bb3 O-O 8. c3
d6 9. a4 Rb8 10. axb5 axb5 11. d4 exd4 12. cxd4 Bg4 13. Rd1 d5 14. e5 Ne4 15. h3
Bh5 16. Nc3 Nxc3 17. bxc3 Qd7 18. Kh2 Nd8 19. g4 Bg6 20. Ne1 f5 21. f4 Ne6 22.
g5 Bf7 23. Be3 Ra8 24. Nd3 c6 25. Rg1 g6 26. h4 Qb7 27. Rab1 Qd7 28. Rg2 Ra7 29.
h5 gxh5 30. Rbg1 Bg6 31. Qb2 Rfa8 32. Qb1 Ra5 33. Ne1 Qa7 34. Nc2 Qd7 35. Qd1
R5a7 36. Qf3 Ra5 37. Bc1 R5a6 38. Ne3 Ra1 39. Bc2 Ng7 40. Bb2 Rxg1 41. Rxg1 Ra2
42. Rb1 Ba3 43. Bxa3 Rxa3 44. Bb3 Bf7 45. Nc2 Ra7 46. Nb4 Ra3 47. Qd1 Ne6 48.
Qc1 Kg7 49. Qxa3 1-0

[Event "10th American Continental"]
[Site "Montevideo URU"]
[Date "2015.05.22"]
[Round "9.30"]
[White "Muniz, Rafael"]
[Black "Benoit, Rodrigo"]
[Result "1-0"]
[WhiteElo "2281"]
[BlackElo "2088"]
[WhiteFideId "3000486"]
[BlackFideId "3005151"]
[EventDate "2015.05.15"]
[EventType "swiss"]

1. e4 e5 2. Nc3 Nc6 3. g3 Bc5 4. Bg2 Nf6 5. Nf3 d6 6. h3 O-O 7. d3 a6 8. Qe2 Be6
9. Bg5 h6 10. Bd2 Re8 11. O-O Nh7 12. Kh2 Ng5 13. Nxg5 hxg5 14. Qh5 f6 15. f4
gxf4 16. gxf4 exf4 17. Rxf4 Bf7 18. Qg4 Bd4 19. Kh1 Ne5 20. Qg3 Ng6 21. Rg4 Be5
22. Qf2 c5 23. Be3 Nf8 24. Rg1 Be6 25. Rh4 g5 26. Bf1 Re7 27. Nd5 Rg7 28. Rh6
Bxd5 29. exd5 Bxb2 30. d4 Bxd4 31. Bxd4 cxd4 32. Rxf6 Rc8 33. Bd3 Rcc7 34. Rf1
Nh7 35. Bxh7+ 1-0

[Event "10th American Continental"]
[Site "Montevideo URU"]
[Date "2015.05.22"]
[Round "9.31"]
[White "Monteiro, Artur Fernando"]
[Black "Matsuura, Frederico"]
[Result "1-0"]
[BlackTitle "FM"]
[WhiteElo "1972"]
[BlackElo "2270"]
[WhiteFideId "2108380"]
[BlackFideId "2107848"]
[EventDate "2015.05.15"]
[EventType "swiss"]

1. e4 c5 2. d4 cxd4 3. c3 dxc3 4. Nxc3 e6 5. Nf3 a6 6. Bc4 d6 7. O-O b5 8. Bb3
Ra7 9. Be3 Rd7 10. Qe2 Nc6 11. Rac1 Bb7 12. Nxb5 axb5 13. Qxb5 Qa8 14. Ba4 Nge7
15. Nd4 Rc7 16. Qb6 Kd7 17. Nb5 Rc8 18. Nxd6 Kxd6 19. Rfd1+ Nd5 20. exd5 Qxa4
21. dxc6+ Ke5 22. cxb7 1-0